<?xml version="1.0" encoding="UTF-8"?>
<record
    xmlns:xsi="http://www.w3.org/2001/XMLSchema-instance"
    xsi:schemaLocation="http://www.loc.gov/MARC21/slim http://www.loc.gov/standards/marcxml/schema/MARC21slim.xsd"
    xmlns="http://www.loc.gov/MARC21/slim">

  <leader>00340nam a2200133Ia 4500</leader>
  <controlfield tag="008">221125s9999    xx            000 0 und d</controlfield>
  <datafield tag="041" ind1=" " ind2=" ">
    <subfield code="a">eng</subfield>
  </datafield>
  <datafield tag="082" ind1=" " ind2=" ">
    <subfield code="a">030 WEB</subfield>
  </datafield>
  <datafield tag="100" ind1=" " ind2=" ">
    <subfield code="a">Webster Pub.</subfield>
    <subfield code="9">15496</subfield>
  </datafield>
  <datafield tag="245" ind1=" " ind2=" ">
    <subfield code="a">New International Websters Pocket Dictionary.</subfield>
  </datafield>
  <datafield tag="260" ind1=" " ind2=" ">
    <subfield code="b">CBS Pub.</subfield>
    <subfield code="a">New Delhi</subfield>
    <subfield code="c">2001</subfield>
  </datafield>
  <datafield tag="300" ind1=" " ind2=" ">
    <subfield code="a">668p</subfield>
  </datafield>
  <datafield tag="650" ind1=" " ind2=" ">
    <subfield code="a">Dictionary</subfield>
  </datafield>
  <datafield tag="999" ind1=" " ind2=" ">
    <subfield code="c">83404</subfield>
    <subfield code="d">83404</subfield>
  </datafield>
  <datafield tag="952" ind1=" " ind2=" ">
    <subfield code="0">0</subfield>
    <subfield code="1">0</subfield>
    <subfield code="4">0</subfield>
    <subfield code="7">0</subfield>
    <subfield code="a">BNCA</subfield>
    <subfield code="b">BNCA</subfield>
    <subfield code="d">2003-10-25</subfield>
    <subfield code="e">Impluse Inc</subfield>
    <subfield code="g">50.00</subfield>
    <subfield code="l">0</subfield>
    <subfield code="o">823 WEB</subfield>
    <subfield code="p">BNCA-BK-3500</subfield>
    <subfield code="r">2022-11-25 00:00:00</subfield>
    <subfield code="v">50.00</subfield>
    <subfield code="w">2003-10-25</subfield>
    <subfield code="y">BK</subfield>
    <subfield code="z">B003500</subfield>
  </datafield>
  <datafield tag="952" ind1=" " ind2=" ">
    <subfield code="0">0</subfield>
    <subfield code="1">0</subfield>
    <subfield code="4">0</subfield>
    <subfield code="7">0</subfield>
    <subfield code="a">BNCA</subfield>
    <subfield code="b">BNCA</subfield>
    <subfield code="d">2003-10-25</subfield>
    <subfield code="e">Impluse Inc</subfield>
    <subfield code="g">50.00</subfield>
    <subfield code="l">0</subfield>
    <subfield code="o">823 WEB</subfield>
    <subfield code="p">BNCA-BK-3501</subfield>
    <subfield code="r">2022-11-25 00:00:00</subfield>
    <subfield code="v">50.00</subfield>
    <subfield code="w">2003-10-25</subfield>
    <subfield code="y">BK</subfield>
    <subfield code="z">B003501</subfield>
  </datafield>
  <datafield tag="952" ind1=" " ind2=" ">
    <subfield code="0">0</subfield>
    <subfield code="1">0</subfield>
    <subfield code="4">0</subfield>
    <subfield code="7">0</subfield>
    <subfield code="a">BNCA</subfield>
    <subfield code="b">BNCA</subfield>
    <subfield code="d">2003-10-25</subfield>
    <subfield code="e">Impluse Inc</subfield>
    <subfield code="g">50.00</subfield>
    <subfield code="l">0</subfield>
    <subfield code="o">823 WEB</subfield>
    <subfield code="p">BNCA-BK-3502</subfield>
    <subfield code="r">2022-11-25 00:00:00</subfield>
    <subfield code="v">50.00</subfield>
    <subfield code="w">2003-10-25</subfield>
    <subfield code="y">BK</subfield>
    <subfield code="z">B003502</subfield>
  </datafield>
  <datafield tag="952" ind1=" " ind2=" ">
    <subfield code="0">0</subfield>
    <subfield code="1">0</subfield>
    <subfield code="4">0</subfield>
    <subfield code="7">0</subfield>
    <subfield code="a">BNCA</subfield>
    <subfield code="b">BNCA</subfield>
    <subfield code="d">2003-10-25</subfield>
    <subfield code="e">Impluse Inc</subfield>
    <subfield code="g">50.00</subfield>
    <subfield code="l">0</subfield>
    <subfield code="o">823 WEB</subfield>
    <subfield code="p">BNCA-BK-3503</subfield>
    <subfield code="r">2022-11-25 00:00:00</subfield>
    <subfield code="v">50.00</subfield>
    <subfield code="w">2003-10-25</subfield>
    <subfield code="y">BK</subfield>
    <subfield code="z">B003503</subfield>
  </datafield>
  <datafield tag="952" ind1=" " ind2=" ">
    <subfield code="0">0</subfield>
    <subfield code="1">0</subfield>
    <subfield code="4">0</subfield>
    <subfield code="7">0</subfield>
    <subfield code="a">BNCA</subfield>
    <subfield code="b">BNCA</subfield>
    <subfield code="d">2003-10-25</subfield>
    <subfield code="e">Impluse Inc</subfield>
    <subfield code="g">50.00</subfield>
    <subfield code="l">0</subfield>
    <subfield code="o">823 WEB</subfield>
    <subfield code="p">BNCA-BK-3504</subfield>
    <subfield code="r">2022-11-25 00:00:00</subfield>
    <subfield code="v">50.00</subfield>
    <subfield code="w">2003-10-25</subfield>
    <subfield code="y">BK</subfield>
    <subfield code="z">B003504</subfield>
  </datafield>
  <datafield tag="952" ind1=" " ind2=" ">
    <subfield code="0">0</subfield>
    <subfield code="1">0</subfield>
    <subfield code="4">0</subfield>
    <subfield code="7">0</subfield>
    <subfield code="a">BNCA</subfield>
    <subfield code="b">BNCA</subfield>
    <subfield code="d">2003-10-25</subfield>
    <subfield code="e">Impluse Inc</subfield>
    <subfield code="g">50.00</subfield>
    <subfield code="l">0</subfield>
    <subfield code="o">823 WEB</subfield>
    <subfield code="p">BNCA-BK-3505</subfield>
    <subfield code="r">2022-11-25 00:00:00</subfield>
    <subfield code="v">50.00</subfield>
    <subfield code="w">2003-10-25</subfield>
    <subfield code="y">BK</subfield>
    <subfield code="z">B003505</subfield>
  </datafield>
  <datafield tag="952" ind1=" " ind2=" ">
    <subfield code="0">0</subfield>
    <subfield code="1">0</subfield>
    <subfield code="4">0</subfield>
    <subfield code="7">0</subfield>
    <subfield code="a">BNCA</subfield>
    <subfield code="b">BNCA</subfield>
    <subfield code="d">2003-10-25</subfield>
    <subfield code="e">Impluse Inc</subfield>
    <subfield code="g">50.00</subfield>
    <subfield code="l">0</subfield>
    <subfield code="o">823 WEB</subfield>
    <subfield code="p">BNCA-BK-3507</subfield>
    <subfield code="r">2022-11-25 00:00:00</subfield>
    <subfield code="v">50.00</subfield>
    <subfield code="w">2003-10-25</subfield>
    <subfield code="y">BK</subfield>
    <subfield code="z">B003507</subfield>
  </datafield>
  <datafield tag="952" ind1=" " ind2=" ">
    <subfield code="0">0</subfield>
    <subfield code="1">0</subfield>
    <subfield code="4">0</subfield>
    <subfield code="7">0</subfield>
    <subfield code="a">BNCA</subfield>
    <subfield code="b">BNCA</subfield>
    <subfield code="d">2003-10-25</subfield>
    <subfield code="e">Impluse Inc</subfield>
    <subfield code="g">50.00</subfield>
    <subfield code="l">0</subfield>
    <subfield code="o">823 WEB</subfield>
    <subfield code="p">BNCA-BK-3508</subfield>
    <subfield code="r">2022-11-25 00:00:00</subfield>
    <subfield code="v">50.00</subfield>
    <subfield code="w">2003-10-25</subfield>
    <subfield code="y">BK</subfield>
    <subfield code="z">B003508</subfield>
  </datafield>
  <datafield tag="952" ind1=" " ind2=" ">
    <subfield code="0">0</subfield>
    <subfield code="1">0</subfield>
    <subfield code="4">0</subfield>
    <subfield code="7">0</subfield>
    <subfield code="a">BNCA</subfield>
    <subfield code="b">BNCA</subfield>
    <subfield code="d">2003-10-25</subfield>
    <subfield code="e">Impluse Inc</subfield>
    <subfield code="g">50.00</subfield>
    <subfield code="l">0</subfield>
    <subfield code="o">823 WEB</subfield>
    <subfield code="p">BNCA-BK-3509</subfield>
    <subfield code="r">2022-11-25 00:00:00</subfield>
    <subfield code="v">50.00</subfield>
    <subfield code="w">2003-10-25</subfield>
    <subfield code="y">BK</subfield>
    <subfield code="z">B003509</subfield>
  </datafield>
  <datafield tag="952" ind1=" " ind2=" ">
    <subfield code="0">0</subfield>
    <subfield code="1">0</subfield>
    <subfield code="4">0</subfield>
    <subfield code="7">0</subfield>
    <subfield code="a">BNCA</subfield>
    <subfield code="b">BNCA</subfield>
    <subfield code="d">2003-10-25</subfield>
    <subfield code="e">Impluse Inc</subfield>
    <subfield code="g">50.00</subfield>
    <subfield code="l">0</subfield>
    <subfield code="o">823 WEB</subfield>
    <subfield code="p">BNCA-BK-3510</subfield>
    <subfield code="r">2022-11-25 00:00:00</subfield>
    <subfield code="v">50.00</subfield>
    <subfield code="w">2003-10-25</subfield>
    <subfield code="y">BK</subfield>
    <subfield code="z">B003510</subfield>
  </datafield>
  <datafield tag="952" ind1=" " ind2=" ">
    <subfield code="0">0</subfield>
    <subfield code="1">0</subfield>
    <subfield code="4">0</subfield>
    <subfield code="7">0</subfield>
    <subfield code="a">BNCA</subfield>
    <subfield code="b">BNCA</subfield>
    <subfield code="d">2003-10-25</subfield>
    <subfield code="e">Impluse Inc</subfield>
    <subfield code="g">50.00</subfield>
    <subfield code="l">0</subfield>
    <subfield code="o">823 WEB</subfield>
    <subfield code="p">BNCA-BK-3511</subfield>
    <subfield code="r">2022-11-25 00:00:00</subfield>
    <subfield code="v">50.00</subfield>
    <subfield code="w">2003-10-25</subfield>
    <subfield code="y">BK</subfield>
    <subfield code="z">B003511</subfield>
  </datafield>
  <datafield tag="952" ind1=" " ind2=" ">
    <subfield code="0">0</subfield>
    <subfield code="1">0</subfield>
    <subfield code="4">0</subfield>
    <subfield code="7">0</subfield>
    <subfield code="a">BNCA</subfield>
    <subfield code="b">BNCA</subfield>
    <subfield code="d">2003-10-25</subfield>
    <subfield code="e">Impluse Inc</subfield>
    <subfield code="g">50.00</subfield>
    <subfield code="l">0</subfield>
    <subfield code="o">823 WEB</subfield>
    <subfield code="p">BNCA-BK-3512</subfield>
    <subfield code="r">2022-11-25 00:00:00</subfield>
    <subfield code="v">50.00</subfield>
    <subfield code="w">2003-10-25</subfield>
    <subfield code="y">BK</subfield>
    <subfield code="z">B003512</subfield>
  </datafield>
</record>
